LEADER 00845nam0 2200253 450 001 000005276 005 20040116120314.0 010 $a88-207-2147-3 100 $a20040116d1992----km-y0itay50------ba 101 0 $aita 102 $aIT 200 1 $aTeoria e metodologia dell'educazione sanitaria$ele coordinate di un'esperienza di "ricerca-azione" in ambito distrettuale$fBruno Schettini 210 $aNapoli$cLiguori editore$d1992 215 $a146 p.$d21 cm 225 2 $aStudi sull'educazione$v30 410 0$12001$aStudi sull'educazione 610 1 $aEducazione sanitaria 676 $a613.07 700 1$aSchettini,$bBruno$0151405 801 0$aIT $bUNIPARTHENOPE $gRICA $2UNIMARC 912 $a000005276 951 $cNAVA1$a613-T/1$b36609$d20040116 996 $aTeoria e metodologia dell'educazione sanitaria$9815597 997 $aUNIPARTHENOPE LEADER 00909nam2 22002893i 450 001 996555572303316 005 20231212103556.0 010 $a978-1-108-84398-0 100 $a20220307d2022----||||0itac50 ba 101 $aeng$agrc 102 $aGB 105 $ay 00 y 200 1 $aGreek epitaphic poetry$ea selection$fedited by Richard Hunter 210 1 $aCambridge$cCambridge University Press$d2022 215 $aXIII, 280 p.$cmappe$d22 cm 225 2 $aCambridge Greek and Latin classics 410 0$1001001000307612$12001$aCambridge Greek and Latin classics 606 0 $aEpitaffi$yGrecia antica$xAntologie$2BNCF 676 $a881.008 702 1$aHUNTER,$bRichard L. 801 0$aIT$bcba$bcba$gREICAT 912 $a996555572303316 951 $aV.1. Coll. 8/ 52$b28230 UMA$cV.1. Coll.$d557652 959 $aBK 969 $aUMA 996 $aGreek epitaphic poetry$92916503 997 $aUNISA LEADER 02135nam2 2200445 i 450 001 VAN0125616 005 20231213030233.334 017 70$2N$a9783319680972 100 $a20191126d2018 |0itac50 ba 101 $aeng 102 $aCH 105 $a|||| ||||| 200 0 $a1$fJed F. Fisher, Shahriar Mobashery, Marvin J. Miller editors 210 $aCham$cSpringer$d2018 215 $aXIII, 194 p.$cill.$d24 cm. 410 1$1001VAN0123522$12001 $aTopics in Medicinal Chemistry$1210 $aCham$cSpringer$v25 461 1$1001VAN0125615$12001 $aAntibacterials$fJed F. Fisher, Shahriar Mobashery, Marvin J. Miller editors$1210 $aCham$cSpringer$d2018$1215 $avolumi$d24 cm.$v1 620 $aCH$dCham$3VANL001889 676 $a572$cBiochimica. Citochimica. Istochimica$v22 676 $a540$cChimica generale$v22 676 $a547$cChimica organica$v22 676 $a615.19$cChimica farmaceutica. Tecnologia farmaceutica. Chimica medica$v22 702 1$aFisher$bJed F.$3VANV097036 702 1$aMiller$bMarvin J.$3VANV097038 702 1$aMobashery$bShahriar$3VANV097037 712 $aSpringer $3VANV108073$4650 790 1$aFisher, J. F.$zFisher, Jed F.$3VANV103762 790 1$aFisher, J.F.$zFisher, Jed F.$3VANV214066 790 1$aMiller, M. J.$zMiller, Marvin J.$3VANV103763 790 1$aMiller, Marvin Joseph$zMiller, Marvin J.$3VANV214067 790 1$aMiller, M.J.$zMiller, Marvin J.$3VANV214068 801 $aIT$bSOL$c20240614$gRICA 856 4 $u/sebina/repository/catalogazione/documenti/125616.pdf$z125616.pdf 856 4 $uhttps://link.springer.com/book/10.1007/978-3-319-68097-2$zE-book - Accesso al full-text attraverso riconoscimento IP di Ateneo, proxy e/o Shibboleth 899 $aBIBLIOTECA DEL DIPARTIMENTO DI SCIENZE E TECNOLOGIE AMBIENTALI BIOLOGICHE E FARMACEUTICHE$1IT-CE0101$2VAN17 912 $fN 912 $aVAN0125616 950 $aBIBLIOTECA DEL DIPARTIMENTO DI SCIENZE E TECNOLOGIE AMBIENTALI BIOLOGICHE E FARMACEUTICHE$d17CONS e-book 2112 $e17BIB2112/225 225 20191126 996 $a1$961339 997 $aUNICAMPANIA